Registres littéraires - A.V. - Statistiques

Statistiques générales
  • Ce quiz a été pris 169 fois
  • Le résultat moyen est 7 sur 10
Statistiques - réponses
Hint Réponse % Correct
Visant a faire rire et divertir, dédramatiser une situation angoissante, 'castigat ridendo mores' Comique
95%
Présentant des situations sans issue avec des personnages tourmentés par de fortes passions ou un dilemme Tragique
90%
Texte avec une irruption du surnaturel ou de l'irrationnel dans la réalité quotidienne. Joue sur l'incertitude Fantastique
85%
Cherchant a provoquer l'admiration et l'enthousiasme du lecteur en louant les exploits d'un ou plusieurs héros Epique
84%
Cherchant a émouvoir le lecteur en exprimant des états d'âme et des emotions Lyrique
81%
Visant a inspirer au lecteur des emotions fortes/tristes devant une situation inhumaine Pathétique
77%
Ayant pour fonction d'enseigner, de transmettre un savoir ou une morale Didactique
68%
Similaire au precedent mais se différencie par une representation assumée des faits surnaturel relatés Merveilleux
49%
Texte ou se succedent les péripéties afin de maintenir le lecteur/spectateur dans un état d'attente (suspense) Dramatique
24%
Repose sur le recours a des repères temporels et spatiaux précis, l'interrogation d'idiolectes et sociolectes. Seulement au XIXe et XXe siècles Realiste
22%
Aucun quiz correspondant
Distribution des résultats
% des personnes avec chaque résultat
Percentile par nombre de réponses
Votre historique - résultats
Vous n’avez pas pris ce quiz